Prečo by sa malo mesto uchádzať o titul Európske mesto športu?

Titul Európske mesto športu jeho význam a metodológia. SWOT analýza a analýza pomocou matice TOWN na identifikáciu pozitívnych a negatívnych súvislostí. Zvýšenie podpory športu v meste.

Enregistré dans:
Détails bibliographiques
Auteur principal: Šulajová, Katarína
Autres auteurs: Štefanišinová, Nikola, Muthová, Nikoleta
Format: Chapitre de livre
Langue:slovaque
Sujets:
Tags: Ajouter un tag
Pas de tags, Soyez le premier à ajouter un tag!

MARC

LEADER 00000naa$a2200000$$$4500
001 0260171
005 20191205142339.5
041 0 |a slo 
044 |a CZ 
245 1 0 |a Prečo by sa malo mesto uchádzať o titul Európske mesto športu?  |c Katarína Šulajová, Nikola Štefanišinová, Nikoleta Muthová 
520 |a Titul Európske mesto športu jeho význam a metodológia. SWOT analýza a analýza pomocou matice TOWN na identifikáciu pozitívnych a negatívnych súvislostí. Zvýšenie podpory športu v meste. 
610 2 0 |a šport 
610 2 0 |a telovýchova 
610 2 0 |a mestá 
610 2 0 |a analýza swot 
610 2 0 |a Európa 
100 1 |a Šulajová, Katarína 
700 1 |a Štefanišinová, Nikola 
700 1 |a Muthová, Nikoleta